000 00441cam a2200169ua 4500
001 6226
008 131129n ii |||gr||||Z||||||asm
040 _cMAIN
082 _a657.2
245 _aGananikya Parichaya
_cBy Purna borgohain
260 _aDibrugarh:
_bPathyaputhi prastuti samanay samiti,
_c1972.
300 _ax,171p.
653 _aAccounting
653 _aGananikya parichaya
700 _aBorgohain,Purna,
_eAuthor.,
942 _cBK
999 _c5378
_d5378